{"text_format":"3","workbook":"xls","n_sheets":12,"sheets":["通用","奇瑞E3","汽贸","帕萨特","五菱宏光","GL8","丰田威驰","江淮新IEV5","江淮皮卡","大众捷达","艾瑞泽5","总计"],"not_rendered":{"external_links":1,"defined_names":1},"read":"whole","date_system":"1900","formulas":"cached_only"}

{"sheet":"通用","index":0,"n_rows":62,"n_cols":9,"rows_kept":62,"merged":[[0,0,0,8],[61,0,61,8]],"flags":["formulas_cached_only"]}
["通用配件采购清单"]
["序号","商品名称","规格","单位","预估年使用量","单价最高限价（元，含税）","合计预算金额（元，含税）","最低质保期","响应型号\n及品牌（或生产厂家）"]
[1,"刹车油","1L","1L",50,28,1400,"1年"]
[2,"齿轮油75W-90","2L","桶",50,45,2250,"1年"]
[3,"除胶剂","450ml","瓶",24,10,240,"1年"]
[4,"大灯灯泡H1","55W","个",5,6,30,"3个月"]
[5,"大灯灯泡H7","55W","个",2,7,14,"3个月"]
[6,"电瓶","45ah","块",15,230,3450,"1年"]
[7,"电瓶","55ah","块",3,250,750,"1年"]
[8,"电瓶","60ah","块",60,255,15300,"1年"]
[9,"电瓶","68ah","块",1,350,350,"1年"]
[10,"电瓶（启停）","70ah","块",4,650,2600,"1年"]
[11,"电瓶（启停）","80ah","块",1,950,950,"1年"]
[12,"电子","CR2025","个",20,3,60,"1年"]
[13,"电子","CR2032","个",20,3,60,"1年"]
[14,"发动机清洗油","4L","桶",1,80,80,"1年"]
[15,"防冻液-45°","2L","桶",300,20,6000,"1年"]
[16,"插泡","大","个",15,4,60,"3个月"]
[17,"高低脚双丝刹车灯灯泡","5W/21W","个",10,2,20,"3个月"]
[18,"化油器清洗剂","450ml","瓶",50,7,350,"1年"]
[19,"黄油","1.8kg","瓶",2,50,100,"1年"]
[20,"机头水","500ml","瓶",40,6,240,"1年"]
[21,"机油SP5W-30半合成","208L","桶",5,5000,25000,"6个月"]
[22,"机油SP5W-30半合成","4L","个",1,160,160,"1年"]
[23,"机油SP5W-30全合成","209L","桶",4,8500,34000,"1年"]
[24,"机油SP5W-30全合成","4L","桶",1,190,190,"1年"]
[25,"机油SP0W-20全合成","1L","桶",1,60,60,"1年"]
[26,"机油SP0W-20全合成","4L","桶",1,240,240,"1年"]
[27,"柴机油","4L","桶",1,150,150,"6个月"]
[28,"空调冷凝器铝片清洗剂",null,"瓶",15,20,300,"1年"]
[29,"冷冻油","40ml","瓶",30,10,300,"1年"]
[30,"冷媒","200g","瓶",100,20,2000,"1年"]
[31,"冷媒","300g","瓶",50,30,1500,"1年"]
[32,"轮胎","175.70R14","条",10,150,1500,"1年"]
[33,"轮胎","185.60R14","条",50,180,9000,"1年"]
[34,"轮胎","185.60R15","条",110,190,20900,"1年"]
[35,"轮胎","195.55R15","条",10,210,2100,"1年"]
[36,"轮胎","195.55R16","条",2,245,490,"1年"]
[37,"轮胎","195.65R15","条",4,190,760,"1年"]
[38,"轮胎","205.55R16","条",20,190,3800,"1年"]
[39,"轮胎","205.65R16","条",20,260,5200,"1年"]
[40,"轮胎","215.55R17","条",2,285,570,"1年"]
[41,"轮胎","215.60R16","条",14,260,3640,"1年"]
[42,"轮胎","215.75.15","条",2,350,700,"1年"]
[43,"轮胎","225.60R17","条",18,295,5310,"1年"]
[44,"轮胎","225.60R18","条",4,350,1400,"1年"]
[45,"轮胎","235.45R18","条",4,370,1480,"1年"]
[46,"轮胎","235.55R18","条",4,390,1560,"1年"]
[47,"轮胎泡沫光亮剂","650ml","瓶",12,15,180,"1年"]
[48,"螺栓松动剂","400ml","瓶",20,7,140,"1年"]
[49,"盆型喇叭","2个","个",5,40,200,"3个月"]
[50,"平脚双丝刹车灯灯泡","5W/21W","个",10,2,20,"3个月"]
[51,"蜗牛喇叭",null,"对",10,40,400,"3个月"]
[52,"油泥清洗剂",null,"瓶",2,20,40,"1年"]
[53,"转向助力油","1L","桶",80,35,2800,"1年"]
[54,"防虫网",null,"个",30,8,240,"3个月"]
[55,"玻璃水（普通）","2L","桶",50,5,250,"3个月"]
[56,"玻璃水（防冻）","2L","桶",50,7,350,"3个月"]
[57,"密封胶",null,"支",10,20,200,"6个月"]
[58,"修复刹车盘",null,"个",10,70,700,"6个月"]
[59,"新能源差速器油","1L","桶",10,60,600,"1年"]
["年预算预估合计金额：162734.00元"]

{"sheet":"奇瑞E3","index":1,"n_rows":172,"n_cols":8,"rows_kept":172,"merged":[[0,0,0,7],[1,0,1,7],[171,0,171,7]],"flags":["formulas_cached_only"]}
["奇瑞E3"]
["单车台数：61台                                                                                         车架号码：LVVDC11B6JD043322"]
["序号","商品名称","规格","单位","预估年使用量","单价最高限价（元，含税）","合计预算金额（元，含税）","最低质保期"]
[1,"安全带锁扣",null,"个",3,40,120,"1年"]
[2,"安全带总成",null,"套",3,180,540,"1年"]
[3,"半轴油封",null,"个",5,37,185,"3个月"]
[4,"半轴总成（右）",null,"个",1,350,350,"1年"]
[5,"半轴总成（左）",null,"个",1,380,380,"1年"]
[6,"大保险","60A","个",1,20,20,"1年"]
[7,"大灯组合开关",null,"个",1,100,100,"1年"]
[8,"单项废气阀",null,"个",5,28,140,"6个月"]
[9,"倒车灯开关",null,"个",1,20,20,"1年"]
[10,"点火锁芯",null,"个",1,60,60,"1年"]
[11,"点火线圈",null,"个",2,60,120,"1年"]
[12,"电子节气门总成",null,"个",1,358,358,"1年"]
[13,"电子里程传感器",null,"个",1,70,70,"1年"]
[14,"电子扇",null,"个",15,255,255,"6个月"]
[15,"顶胶",null,"个",1,60,60,"6个月"]
[16,"惰轮",null,"个",1,70,70,"1年"]
[17,"发电机皮带",null,"根",5,30,150,"1年"]
[18,"发电机总成",null,"个",8,340,2720,"1年"]
[19,"发动机电脑版",null,"个",1,480,480,"1年"]
[20,"发动机前仓线束",null,"根",1,610,610,"1年"]
[21,"方向机回油管",null,"根",15,40,600,"3个月"]
[22,"方向机拉杆球头（右）",null,"个",2,35,70,"1年"]
[23,"方向机拉杆球头（左）",null,"个",2,35,70,"1年"]
[24,"方向机总成",null,"个",15,700,10500,"6个月"]
[25,"方向盘总成",null,"个",1,190,190,"1年"]
[26,"飞轮总成",null,"个",5,150,750,"1年"]
[27,"分离轴承（法雷奥）",null,"个",30,70,2100,"3个月"]
[28,"缸线",null,"套",10,60,600,"1年"]
[29,"鼓风机",null,"个",1,200,200,"1年"]
[30,"后保险杠",null,"个",1,290,290,"1年"]
[31,"后备箱锁块",null,"个",1,60,60,"1年"]
[32,"后刹车分泵",null,"个",1,30,30,"1年"]
[33,"后轮刹车片",null,"套",1,100,100,"1年"]
[34,"后氧传感器",null,"个",1,100,100,"1年"]
[35,"换挡杆球头套",null,"个",3,60,180,"1年"]
[36,"换挡机构总成",null,"个",5,160,800,"1年"]
[37,"换挡拉线",null,"套",5,160,800,"1年"]
[38,"机油泵",null,"个",1,200,200,"1年"]
[39,"机油感应塞",null,"个",1,30,30,"1年"]
[40,"机油滤芯",null,"个",125,8,1000,"6个月"]
[41,"节气门进气软管",null,"个",1,40,40,"1年"]
[42,"节温器",null,"个",1,35,35,"1年"]
[43,"节温器底座",null,"个",1,50,50,"1年"]
[44,"进气压力传感器",null,"个",1,70,70,"1年"]
[45,"空气滤芯",null,"个",125,9,1125,"6个月"]
[46,"空气滤芯外壳",null,"个",1,130,130,"1年"]
[47,"空调控制面板",null,"个",1,360,360,"1年"]
[48,"空调滤芯",null,"个",125,9,1125,"6个月"]
[49,"空调压缩机",null,"个",5,690,3450,"1年"]
[50,"空调压缩机低压管",null,"根",2,95,190,"1年"]
[51,"空调压缩机高压管",null,"根",2,90,180,"1年"]
[52,"空调蒸发箱总成",null,"个",1,150,150,"1年"]
[53,"冷凝器",null,"个",5,170,850,"1年"]
[54,"离合器分泵",null,"个",1,80,80,"1年"]
[55,"离合器分离拨叉",null,"个",1,40,40,"1年"]
[56,"离合器片（法雷奥）",null,"个",30,120,3600,"3个月"]
[57,"离合器总泵",null,"个",1,100,100,"1年"]
[58,"轮胎螺栓",null,"个",5,20,100,"1年"]
[59,"内后视镜总成",null,"个",1,100,100,"1年"]
[60,"内球笼",null,"个",1,120,120,"1年"]
[61,"暖风水管（出）",null,"根",2,40,80,"1年"]
[62,"暖风水管（进）",null,"根",2,40,80,"1年"]
[63,"暖风水箱",null,"个",1,100,100,"1年"]
[64,"膨胀阀",null,"个",1,70,70,"1年"]
[65,"膨胀壶",null,"个",10,60,600,"1年"]
[66,"膨胀壶盖",null,"个",10,30,300,"1年"]
[67,"平面轴承",null,"个",3,20,60,"1年"]
[68,"平面轴承上托盖",null,"个",3,20,60,"1年"]
[69,"起动机总成",null,"个",10,230,2300,"1年"]
[70,"气囊游丝",null,"个",10,140,1400,"1年"]
[71,"汽油泵总成",null,"个",2,200,400,"1年"]
[72,"汽油滤芯",null,"个",2,20,40,"1年"]
[73,"前保险杠",null,"个",1,270,270,"1年"]
[74,"前保险杠支架",null,"个",1,25,25,"1年"]
[75,"前保险杠中网",null,"个",1,200,200,"1年"]
[76,"前刹车盘",null,"个",2,100,200,"1年"]
[77,"前刹车片",null,"套",3,80,240,"1年"]
[78,"前档玻璃",null,"块",1,280,280,"1年"]
[79,"前机盖铰链",null,"个",1,40,40,"1年"]
[80,"前机盖拉线",null,"根",1,40,40,"1年"]
[81,"前机盖锁",null,"个",1,40,40,"1年"]
[82,"前轮毂轴头",null,"个",10,70,700,"1年"]
[83,"前轮轴承",null,"个",10,50,500,"1年"]
[84,"前氧传感器",null,"个",1,100,100,"1年"]
[85,"曲轴前油封",null,"个",2,65,130,"1年"]
[86,"三元催化器",null,"个",1,1200,1200,"3年"]
[87,"手刹拉线",null,"根",2,60,120,"1年"]
[88,"水泵总成",null,"个",1,120,120,"1年"]
[89,"水壶下水管",null,"根",2,20,40,"1年"]
[90,"水温传感器",null,"个",2,40,80,"1年"]
[91,"水箱总成",null,"个",10,150,1500,"1年"]
[92,"四角灯开关",null,"个",2,40,80,"1年"]
[93,"凸轮轴位置传感器",null,"个",5,150,300,"1年"]
[94,"下水管",null,"个",2,35,70,"1年"]
[95,"下支臂",null,"个",20,85,1700,"1年"]
[96,"下支臂球头",null,"个",2,35,70,"1年"]
[97,"压盘（法雷奥）",null,"个",30,135,4050,"3个月"]
[98,"油底壳",null,"个",1,260,260,"1年"]
[99,"油门踏板",null,"个",1,150,150,"1年"]
[100,"右后减震器总成",null,"个",1,100,100,"1年"]
[101,"右后门玻璃",null,"块",1,100,100,"1年"]
[102,"右后门玻璃升降器",null,"个",5,120,600,"6个月"]
[103,"右后门玻璃升降器开关",null,"个",2,30,60,"6个月"]
[104,"右后门锁块",null,"个",2,65,130,"1年"]
[105,"右后门外把手",null,"个",2,35,70,"1年"]
[106,"右后三角玻璃",null,"块",1,70,70,"1年"]
[107,"右前大灯总成",null,"个",1,230,230,"1年"]
[108,"右前减震器总成",null,"个",1,200,200,"1年"]
[109,"右前轮刹车软管",null,"根",2,40,80,"1年"]
[110,"右前门玻璃",null,"块",1,100,100,"1年"]
[111,"右前门玻璃升降器",null,"个",2,120,240,"6个月"]
[112,"右前门玻璃升降器开关",null,"个",2,30,60,"1年"]
[113,"右前门锁块",null,"个",2,65,130,"1年"]
[114,"右前门外把手",null,"个",5,35,175,"1年"]
[115,"右前外后视镜总成",null,"个",1,150,150,"1年"]
[116,"右前外球笼",null,"个",2,120,240,"6个月"]
[117,"右前稳定杆拉杆",null,"个",2,50,100,"1年"]
[118,"右前雾灯",null,"个",1,60,60,"1年"]
[119,"右悬置软垫",null,"个",1,70,70,"1年"]
[120,"右遮阳板总成",null,"个",2,50,50,"1年"]
[121,"雨刮臂",null,"个",1,30,30,"1年"]
[122,"雨刮电机",null,"个",1,95,95,"1年"]
[123,"雨刮连杆",null,"个",1,85,85,"1年"]
[124,"雨刮组合开关",null,"个",1,100,100,"1年"]
[125,"张紧器",null,"个",2,160,320,"1年"]
[126,"正时皮带套装",null,"套",2,160,320,"1年"]
[127,"主驾驶座椅",null,"个",1,680,680,"1年"]
[128,"雨刮片",null,"支",20,10,200,"3个月"]
[129,"助力泵",null,"个",2,180,360,"1年"]
[130,"助力泵高压油管",null,"根",15,95,1425,"3个月"]
[131,"助力泵固定支架",null,"个",1,60,60,"1年"]
[132,"助力泵皮带",null,"根",25,30,750,"6个月"]
[133,"助力泵吸油管",null,"根",10,40,400,"3个月"]
[134,"助力油壶",null,"个",2,50,100,"1年"]
[135,"驻车制动杆",null,"个",1,100,100,"1年"]
[136,"组合仪表",null,"个",1,280,280,"1年"]
[137,"左后减震器总成",null,"个",1,100,100,"1年"]
[138,"左后门玻璃",null,"块",1,100,100,"1年"]
[139,"左后门玻璃升降器",null,"个",2,120,120,"6个月"]
[140,"左后门玻璃升降器开关",null,"个",2,30,30,"1年"]
[141,"左后门锁块",null,"个",2,65,130,"1年"]
[142,"左后门外把手",null,"个",2,40,80,"1年"]
[143,"左后三角玻璃",null,"块",1,70,70,"1年"]
[144,"左前大灯总成",null,"个",1,230,230,"1年"]
[145,"左前减震器总成",null,"个",1,200,200,"1年"]
[146,"左前轮刹车软管",null,"根",5,40,200,"1年"]
[147,"左前门玻璃",null,"个",1,100,100,"1年"]
[148,"左前门玻璃升降器",null,"个",5,120,600,"6个月"]
[149,"左前门玻璃升降器开关",null,"个",2,70,140,"1年"]
[150,"左前门内把手拉线",null,"根",1,30,30,"1年"]
[151,"左前门内开手柄",null,"个",20,45,900,"1年"]
[152,"左前门锁块",null,"个",2,65,130,"1年"]
[153,"左前门外把手",null,"个",5,35,175,"1年"]
[154,"左前外后视镜总成",null,"个",1,150,150,"1年"]
[155,"左前外球笼",null,"个",2,120,240,"6个月"]
[156,"左前稳定杆拉杆",null,"个",2,50,100,"1年"]
[157,"火花塞（铂金）",null,"个",60,18,1080,"6个月"]
[158,"左前雾灯",null,"个",1,60,60,"1年"]
[159,"左前羊角",null,"个",1,230,230,"1年"]
[160,"右前羊角",null,"个",1,230,230,"1年"]
[161,"右前叶子板",null,"个",1,220,220,"1年"]
[162,"左前叶子板",null,"个",1,220,220,"1年"]
[163,"左悬软垫",null,"个",10,95,950,"1年"]
[164,"左遮阳板总成",null,"个",1,50,50,"1年"]
[165,"发动机后软垫",null,"个",2,60,120,"1年"]
[166,"左前门线束总成",null,"根",5,300,1500,"1年"]
[167,"离合器软管",null,"根",2,40,80,"1年"]
[168,"油底壳螺栓",null,"个",5,10,50,"1年"]
["年预算预估合计金额：72303.00元"]

{"sheet":"汽贸","index":2,"n_rows":182,"n_cols":8,"rows_kept":182,"merged":[[0,0,0,7],[1,0,1,7],[14,0,14,7],[15,0,15,7],[16,0,16,7],[28,0,28,7],[29,0,29,7],[30,0,30,7],[44,0,44,7],[46,0,46,7],[47,0,47,7],[64,0,64,7],[67,0,67,7],[68,0,68,7],[83,0,83,7],[84,0,84,7],[85,0,85,7],[97,0,97,7],[98,0,98,7],[99,0,99,7],[112,0,112,7],[115,0,115,7],[116,0,116,7],[128,0,128,7],[129,0,129,7],[130,0,130,7],[141,0,141,7],[142,0,142,7],[143,0,143,7],[155,0,155,7],[156,0,156,7],[157,0,157,7],[168,0,168,7],[169,0,169,7],[170,0,170,7],[181,0,181,7]],"flags":["formulas_cached_only"]}
["传奇M8"]
["单车数量：1台                                                                                          车架号码：LMGMU1G24M1097314"]
["序号","商品名称","规格","单位","预估年使用量","单价最高限价（元，含税）","合计预算金额（元，含税）","最低质保期"]
[1,"变速箱油","1L","桶",8,60,480,"1年"]
[2,"刹车盘",null,"个",2,230,460,"1年"]
[3,"点火线圈",null,"个",1,120,120,"2年"]
[4,"雨刮片",null,"个",1,15,15,"6个月"]
[5,"后轮刹车片",null,"套",1,110,110,"1年"]
[6,"火花塞（铱金）",null,"个",4,50,200,"1年"]
[7,"机油滤芯",null,"个",3,11,33,"1年"]
[8,"空气滤芯",null,"个",3,20,60,"1年"]
[9,"空调滤芯",null,"个",3,15,45,"1年"]
[10,"前轮刹车片",null,"套",1,180,180,"1年"]
[11,"后雨刮片",null,"个",1,20,20,"6个月"]
["年预算预估合计金额：1723.00元"]
["上汽大众途观L"]
["单车数量：2台                                                                                          车架号码：LSVUG60T2K2168205"]
["序号","商品名称","规格","单位","预估年使用量","单价最高限价（元，含税）","合计预算金额（元，含税）","最低质保期"]
[1,"变速箱油","1L","桶",4,65,260,"1年"]
[2,"火花塞（双铂金）",null,"个",4,55,220,"1年"]
[3,"刹车盘",null,"个",2,220,440,"1年"]
[4,"点火线圈",null,"个",1,110,110,"2年"]
[5,"雨刮片",null,"个",1,15,15,"6个月"]
[6,"后轮刹车片",null,"套",1,90,90,"1年"]
[7,"机滤（纸）",null,"个",3,15,45,"1年"]
[8,"空气滤芯",null,"个",3,15,45,"1年"]
[9,"空调滤芯",null,"个",3,10,30,"1年"]
[10,"前轮刹车片",null,"套",1,115,115,"1年"]
["年预算预估合计金额：1370.00元"]
["丰田卡罗拉                                                                                                    "]
["单车数量：2台                                                                                           车架号码：LFMAP86C6G0211016"]
["序号","商品名称","规格","单位","预估年使用量","单价最高限价（元，含税）","合计预算金额（元，含税）","最低质保期"]
[1,"变速箱油","1L","瓶",5,45,225,"1年"]
[2,"点火线圈",null,"个",1,75,75,"2年"]
[3,"发电机皮带",null,"根",1,55,55,"1年"]
[4,"副雨刮片",null,"个",2,10,20,"6个月"]
[5,"后轮刹车片",null,"套",1,85,85,"1年"]
[6,"火花塞（铱金）",null,"个",4,35,140,"1年"]
[7,"机油滤芯",null,"个",6,10,60,"1年"]
[8,"空气滤芯",null,"个",6,12,72,"1年"]
[9,"空调滤芯",null,"个",6,10,60,"1年"]
[10,"前刹车片",null,"套",1,95,95,"1年"]
[11,"主雨刮片",null,"个",2,10,20,"6个月"]
[12,"汽油泵",null,"个",1,330,330,"1年"]
["年预算预估合计金额：1237.00元"]
[]
["观致5                                                                                                   "]
["单车数量：1台                                                                                          车架号码：LLNC6ACB9GA018435"]
["序号","商品名称","规格","单位","预估年使用量","单价最高限价（元，含税）","合计预算金额（元，含税）","最低质保期"]
[1,"变速箱油","1L","桶",5,60,300,"1年"]
[2,"刹车盘",null,"个",1,180,180,"1年"]
[3,"点火线圈",null,"个",1,90,90,"2年"]
[4,"副雨刮片",null,"支",1,15,15,"6个月"]
[5,"后轮刹车片",null,"套",1,85,85,"1年"]
[6,"火花塞（铱金）",null,"个",4,40,160,"1年"]
[7,"机滤",null,"个",3,11,33,"1年"]
[8,"空气滤",null,"个",3,15,45,"1年"]
[9,"空调滤",null,"个",3,12,36,"1年"]
[10,"前轮刹车片",null,"套",1,112,112,"1年"]
[11,"主雨刮片",null,"支",1,15,15,"6个月"]
[12,"暖风水箱出水管",null,"根",1,60,60,"1年"]
[13,"暖风水箱进水管",null,"根",1,55,55,"1年"]
[14,"后门内开手柄",null,"个",1,45,45,"1年"]
[15,"前门内开手柄",null,"个",1,45,45,"1年"]
["年预算预估合计金额：1276.00元"]
[]
[]
["奇瑞瑞虎5"]
["单车数量：2台                                                                                          车架号码：LVTDB21B2GC031393"]
["序号","商品名称","规格","单位","预估年使用量","单价最高限价（元，含税）","合计预算金额（元，含税）","最低质保期"]
[1,"变速箱油","1L","桶",6,45,270,"1年"]
[2,"刹车盘",null,"个",2,165,330,"1年"]
[3,"点火线圈",null,"个",1,90,90,"2年"]
[4,"发电机皮带",null,"根",1,120,120,"1年"]
[5,"副雨刮片",null,"个",2,10,20,"6个月"]
[6,"后轮刹车片",null,"个",1,85,85,"1年"]
[7,"火花塞（铱金）",null,"个",4,40,160,"1年"]
[8,"机滤",null,"个",1,11,11,"1年"]
[9,"空气滤芯",null,"个",1,15,15,"1年"]
[10,"空调滤芯",null,"个",1,10,10,"1年"]
[11,"前轮刹车片",null,"个",1,90,90,"1年"]
[12,"主雨刮片",null,"个",2,10,20,"6个月"]
[13,"下支臂",null,"个",1,190,190,"2年"]
["年预算预估合计金额：1411.00元"]
["奇瑞瑞虎7"]
[]
["序号","商品名称","规格","单位","预估年使用量","单价最高限价（元，含税）","合计预算金额（元，含税）","最低质保期"]
[1,"刹车盘",null,"个",2,190,380,"1年"]
[2,"点火线圈",null,"个",1,85,85,"2年"]
[3,"雨刮片",null,"个",1,10,10,"6个月"]
[4,"缸线",null,"套",1,160,160,"1年"]
[5,"后轮刹车片",null,"套",1,88,88,"1年"]
[6,"机滤",null,"个",3,15,45,"1年"]
[7,"空气滤芯",null,"个",3,20,60,"1年"]
[8,"空调滤芯",null,"个",3,15,45,"1年"]
[9,"前轮刹车片",null,"套",1,110,110,"1年"]
[10,"火花塞",null,"个",4,45,180,"1年"]
["年预算预估合计金额：1163.00元"]
["现代悦纳                                                                                                   "]
["单车数量：1台                                                                                          车架号码：LBEYCAFC2GS000868"]
["序号","商品名称","规格","单位","预估年使用量","单价最高限价（元，含税）","合计预算金额（元，含税）","最低质保期"]
[1,"变速箱油","1L","桶",5,45,225,"1年"]
[2,"点火线圈",null,"个",1,55,55,"1年"]
[3,"副雨刮片",null,"个",1,10,10,"6个月"]
[4,"后轮刹车片",null,"个",1,75,75,"1年"]
[5,"火花塞（铱金）",null,"个",4,30,120,"1年"]
[6,"机油滤芯",null,"个",3,8,24,"1年"]
[7,"空气滤芯",null,"个",3,12,36,"1年"]
[8,"空调滤芯",null,"个",3,10,30,"1年"]
[9,"前轮刹车盘",null,"个",1,110,110,"1年"]
[10,"前轮刹车片",null,"个",1,95,95,"1年"]
[11,"主雨刮片",null,"个",1,10,10,"6个月"]
["年预算预估合计金额：790.00元"]
[]
[]
["比亚迪元"]
["车架号：LC00E4DB7N0038646                                        "]
["序号","商品名称","规格","单位","预估年使用量","单价最高限价（元，含税）","合计预算金额（元，含税）","最低质保期"]
[1,"刹车盘（前）",null,"个",1,220,220,"1年"]
[2,"雨刮片",null,"个",1,15,15,"6个月"]
[3,"前轮轴承",null,"个",1,95,95,"1年"]
[4,"后轮轴承",null,"个",1,95,95,"1年"]
[5,"空调滤芯",null,"个",10,20,200,"1年"]
[6,"前轮刹车片",null,"套",1,112,112,"1年"]
[7,"后轮刹车片",null,"套",1,105,105,"1年"]
[8,"前门内开手柄",null,"个",1,60,60,"1年"]
[9,"前轮下支臂",null,"个",2,140,280,"1年"]
[10,"前平衡杆拉杆",null,"个",2,40,80,"1年"]
["年预算预估合计金额：1262.00元"]
["哪吒V"]
["车架号：LUZAGAAA2NA052889                                       "]
["序号","商品名称","规格","单位","预估年使用量","单价最高限价（元，含税）","合计预算金额（元，含税）","最低质保期"]
[1,"刹车盘（前）",null,"个",1,199,199,"1年"]
[2,"雨刮片",null,"个",1,10,10,"6个月"]
[3,"前轮轴承",null,"个",1,65,65,"1年"]
[4,"后轮轴承",null,"个",1,55,55,"1年"]
[5,"空调滤芯",null,"个",10,12,120,"1年"]
[6,"前轮刹车片",null,"套",1,75,75,"1年"]
[7,"后轮刹车片",null,"套",1,65,65,"1年"]
[8,"前门内开手柄",null,"个",1,55,55,"1年"]
[9,"前轮下支臂",null,"个",2,60,120,"1年"]
["年预算预估合计金额：764.00元"]
["枫叶80V"]
["车架号：LLV5CVB2XN0010146                                       "]
["序号","商品名称","规格","单位","预估年使用量","单价最高限价（元，含税）","合计预算金额（元，含税）","最低质保期"]
[1,"刹车盘（前）",null,"个",1,189,189,"1年"]
[2,"雨刮片",null,"个",1,15,15,"6个月"]
[3,"前轮轴承",null,"个",1,120,120,"1年"]
[4,"后轮轴承",null,"个",1,130,130,"1年"]
[5,"空调滤芯",null,"个",10,15,150,"1年"]
[6,"前轮刹车片",null,"套",1,120,120,"1年"]
[7,"后轮刹车片",null,"套",1,99,99,"1年"]
[8,"前门内开手柄",null,"个",1,60,60,"1年"]
[9,"前轮下支臂",null,"个",2,180,360,"1年"]
[10,"后雨刮片",null,"个",2,20,20,"6个月"]
["年预算预估合计金额：1263.00元"]
["枫叶60S"]
["车架号：LTR74A6W1NA000173                                       "]
["序号","商品名称","规格","单位","预估年使用量","单价最高限价（元，含税）","合计预算金额（元，含税）","最低质保期"]
[1,"刹车盘（前）",null,"个",1,189,189,"1年"]
[2,"雨刮片",null,"个",1,15,15,"6个月"]
[3,"前轮轴承",null,"个",1,150,150,"1年"]
[4,"后轮轴承",null,"个",1,150,150,"1年"]
[5,"空调滤芯",null,"个",10,15,150,"1年"]
[6,"前轮刹车片",null,"套",1,120,120,"1年"]
[7,"后轮刹车片",null,"套",1,95,95,"1年"]
[8,"前门内开手柄",null,"个",1,65,65,"1年"]
[9,"前轮下支臂",null,"个",2,350,700,"1年"]
["年预算预估合计金额：1634.00元"]
["哪吒U"]
["车架号： LUZBGAFB8NA007509                                      "]
["序号","商品名称","规格","单位","预估年使用量","单价最高限价（元，含税）","合计预算金额（元，含税）","最低质保期"]
[1,"刹车盘（前）",null,"个",1,205,205,"1年"]
[2,"雨刮片",null,"个",1,15,15,"6个月"]
[3,"前轮轴承",null,"个",1,240,240,"1年"]
[4,"后轮轴承",null,"个",1,280,280,"1年"]
[5,"空调滤芯",null,"个",10,15,150,"1年"]
[6,"前轮刹车片",null,"套",1,135,135,"1年"]
[7,"后轮刹车片",null,"套",1,115,115,"1年"]
[8,"前门内开手柄",null,"个",1,60,60,"1年"]
[9,"前轮下支臂",null,"个",2,180,360,"1年"]
["年预算预估合计金额：1560.00元"]

{"sheet":"帕萨特","index":3,"n_rows":82,"n_cols":8,"rows_kept":82,"merged":[[0,0,0,7],[1,0,1,7],[81,0,81,7]],"flags":["formulas_cached_only"]}
["帕萨特                                                                                                    "]
["单车数量：14台                                                                                   车架号：LSVD77A47HN098365                                         "]
["序号","商品名称","规格","单位","预估年使用量","单价最高限价（元，含税）","合计预算金额（元，含税）","最低质保期"]
[1,"半轴油封",null,"个",2,35,70,"1年"]
[2,"变速箱节温器",null,"个",1,100,100,"1年"]
[3,"变速箱滤网",null,"个",1,85,85,"1年"]
[4,"变速箱滤芯",null,"个",1,110,110,"1年"]
[5,"变速箱油散热器",null,"个",1,280,280,"1年"]
[6,"变速箱油","1L","桶",30,40,1200,"1年"]
[7,"变速箱支架",null,"个",1,200,200,"1年"]
[8,"刹车盘（后）",null,"个",2,140,280,"1年"]
[9,"刹车盘（前）",null,"个",2,120,240,"1年"]
[10,"车身下护板",null,"个",2,150,300,"1年"]
[11,"点火线圈",null,"个",1,115,115,"1年"]
[12,"电子扇（大）",null,"个",4,260,260,"1年"]
[13,"发电机皮带",null,"根",4,62,248,"1年"]
[14,"发电机胀紧器",null,"个",2,150,300,"1年"]
[15,"发电机总成",null,"个",2,500,1000,"1年"]
[16,"废气阀",null,"个",3,330,330,"1年"]
[17,"副雨刮片",null,"个",10,15,150,"6个月"]
[18,"鼓风机总成",null,"个",1,350,350,"1年"]
[19,"后杠反光灯",null,"个",2,100,200,"1年"]
[20,"后减震器",null,"个",1,120,120,"1年"]
[21,"后轮刹车片",null,"套",5,95,475,"1年"]
[22,"后氧传感器",null,"个",2,275,550,"1年"]
[23,"火花塞（铱金）",null,"个",32,50,1600,"1年"]
[24,"机油滤芯",null,"个",40,15,600,"1年"]
[25,"机油散热器",null,"个",1,195,195,"1年"]
[26,"进气管",null,"个",1,65,65,"1年"]
[27,"进气软管",null,"个",1,45,45,"1年"]
[28,"进气凸轮轴电磁阀",null,"个",1,180,180,"1年"]
[29,"空气滤芯",null,"个",40,15,600,"1年"]
[30,"空调滤芯",null,"个",40,20,800,"1年"]
[31,"空调压缩机双管",null,"根",1,150,150,"1年"]
[32,"空调压缩机总成",null,"个",1,750,750,"1年"]
[33,"冷凝器",null,"个",1,300,300,"1年"]
[34,"轮胎螺栓",null,"个",5,20,100,"1年"]
[35,"轮胎螺栓盖",null,"个",5,15,75,"1年"]
[36,"排气凸轮轴电磁阀",null,"个",1,180,180,"1年"]
[37,"喷水嘴",null,"个",1,35,35,"1年"]
[38,"膨胀阀",null,"个",1,88,88,"1年"]
[39,"平面轴承",null,"个",2,55,110,"1年"]
[40,"起动机总成",null,"个",2,550,1100,"1年"]
[41,"汽油泵总成",null,"个",3,360,1080,"1年"]
[42,"前车标",null,"个",1,60,60,"1年"]
[43,"前顶胶",null,"个",2,70,140,"1年"]
[44,"前杠下中网",null,"个",1,100,100,"1年"]
[45,"前减震器",null,"个",1,280,280,"1年"]
[46,"前轮刹车片",null,"套",5,150,750,"1年"]
[47,"前氧传感器",null,"个",2,275,550,"1年"]
[48,"水箱散热器",null,"个",1,300,300,"1年"]
[49,"水泵总成",null,"个",4,330,1320,"1年"]
[50,"碳罐",null,"个",3,190,570,"1年"]
[51,"碳罐电磁阀",null,"个",3,175,525,"1年"]
[52,"下支臂右",null,"个",3,147,441,"1年"]
[53,"下支臂左",null,"个",3,147,441,"1年"]
[54,"前机盖支撑杆",null,"根",4,120,480,"1年"]
[55,"油底壳螺丝",null,"个",5,15,75,"1年"]
[56,"后轮ABS传感器",null,"个",1,55,55,"1年"]
[57,"后轮轴承",null,"个",1,240,240,"1年"]
[58,"后外门把手支架",null,"个",1,60,60,"1年"]
[59,"平衡杆拉杆",null,"个",4,55,220,"1年"]
[60,"前大灯总成",null,"个",1,680,680,"1年"]
[61,"前轮ABSC传感器",null,"个",1,55,55,"1年"]
[62,"前轮轴承",null,"个",1,210,210,"1年"]
[63,"右前门锁块",null,"套",1,190,190,"1年"]
[64,"前雾灯",null,"个",1,70,70,"1年"]
[65,"前雾灯框",null,"个",1,80,80,"1年"]
[66,"右外后视镜总成",null,"个",1,300,300,"1年"]
[67,"遮阳板支架",null,"个",4,40,160,"1年"]
[68,"主雨刮片",null,"个",10,15,150,"6个月"]
[69,"左前门锁块",null,"个",1,190,190,"1年"]
[70,"左外后视镜总成",null,"个",1,300,300,"1年"]
[71,"暖风水管",null,"根",2,70,140,"1年"]
[72,"汽油泵控制模块",null,"个",2,160,320,"1年"]
[73,"电子扇（小）",null,"个",2,180,180,"1年"]
[74,"水箱框架",null,"个",1,310,310,"1年"]
[75,"D5S疝气灯",null,"对",5,350,1750,"1年"]
[76,"膨胀壶盖",null,"个",2,20,40,"1年"]
[77,"膨胀壶",null,"个",2,88,176,"1年"]
[78,"暖风水箱",null,"个",2,240,480,"1年"]
["年预算预估合计金额：27404.00元"]

{"sheet":"五菱宏光","index":4,"n_rows":84,"n_cols":8,"rows_kept":84,"merged":[[0,0,0,7],[1,0,1,7],[83,0,83,7]],"flags":["formulas_cached_only"]}
["五菱宏光S3                                                                                                   "]
["单车数量：34台                                                                      车架号码：LZWADAGA0MF032329"]
["序号","商品名称","规格","单位","预估年使用量","单价最高限价（元，含税）","合计预算金额（元，含税）","最低质保期"]
[1,"ABS泵",null,"个",1,1100,1100,"1年"]
[2,"齿轮油75W-90","1L","桶",6,30,180,"1年"]
[3,"玻璃水水壶",null,"个",1,50,50,"1年"]
[4,"刹车盘",null,"个",2,100,200,"1年"]
[5,"刹车总泵",null,"个",1,350,350,"1年"]
[6,"大包围脚垫（上层丝圈）",null,"套",5,350,1750,"2年"]
[7,"点火线圈",null,"个",4,100,400,"1年"]
[8,"电子里程传感器",null,"个",1,60,60,"1年"]
[9,"电子扇",null,"个",2,290,580,"1年"]
[10,"发电机总成",null,"个",2,420,840,"1年"]
[11,"发动机右软垫",null,"个",1,110,110,"1年"]
[12,"方向机",null,"个",2,350,700,"1年"]
[13,"方向机拉杆右",null,"个",2,45,90,"1年"]
[14,"方向机拉杆左",null,"个",2,45,90,"1年"]
[15,"副雨刮片",null,"个",6,10,60,"6个月"]
[16,"后保险杠",null,"个",1,220,220,"1年"]
[17,"后轮刹车片",null,"套",5,85,425,"1年"]
[18,"火花塞（铱金）",null,"个",12,40,480,"1年"]
[19,"机油滤芯",null,"个",70,7,490,"1年"]
[20,"节温器",null,"个",2,45,90,"1年"]
[21,"空气滤芯",null,"个",70,9,630,"1年"]
[22,"空调滤芯",null,"个",70,9,630,"1年"]
[23,"冷凝器",null,"个",2,260,520,"1年"]
[24,"暖风水箱出水管",null,"根",1,45,45,"1年"]
[25,"暖风水箱进水管",null,"根",1,45,45,"1年"]
[26,"起动机总成",null,"个",5,320,1600,"1年"]
[27,"汽油泵总成",null,"个",2,350,700,"1年"]
[28,"前保险杠",null,"个",1,220,220,"1年"]
[29,"前轮刹车片",null,"套",8,85,680,"1年"]
[30,"前轮轴承",null,"个",2,110,220,"1年"]
[31,"全车贴膜（撕旧膜）",null,"套",5,300,1500,"1年"]
[32,"水壶",null,"个",2,50,100,"1年"]
[33,"水壶盖",null,"个",2,20,40,"1年"]
[34,"水箱总成",null,"个",2,240,480,"1年"]
[35,"碳罐",null,"个",1,210,210,"1年"]
[36,"碳罐电子阀",null,"个",1,90,90,"1年"]
[37,"稳定杆拉杆右",null,"个",2,50,100,"1年"]
[38,"稳定杆拉杆左",null,"个",2,50,100,"1年"]
[39,"右后减震器",null,"个",2,170,340,"1年"]
[40,"右后轮刹车软管",null,"根",2,60,120,"1年"]
[41,"右后门玻璃升降器",null,"个",2,100,200,"1年"]
[42,"右后门玻璃升降器开关",null,"个",1,70,70,"1年"]
[43,"右后门内开手柄",null,"个",1,50,50,"1年"]
[44,"右前大灯总成",null,"个",1,280,280,"1年"]
[45,"右前减震器",null,"个",2,240,480,"1年"]
[46,"右前轮ABS传感器",null,"个",2,90,180,"1年"]
[47,"右前轮刹车软管",null,"根",2,60,120,"1年"]
[48,"右前门玻璃升降器",null,"个",2,100,200,"1年"]
[49,"右前门玻璃升降器开关",null,"个",1,70,70,"1年"]
[50,"右前门内开手柄",null,"个",1,50,50,"1年"]
[51,"右前雾灯",null,"个",1,150,150,"1年"]
[52,"右前下支臂",null,"个",2,130,260,"1年"]
[53,"右外后视镜",null,"个",1,200,200,"1年"]
[54,"主雨刮片",null,"个",6,20,120,"6个月"]
[55,"左后减震器",null,"个",2,170,340,"1年"]
[56,"左后轮刹车软管",null,"根",2,60,120,"1年"]
[57,"左后门玻璃升降器",null,"个",2,100,200,"1年"]
[58,"左后门玻璃升降器开关",null,"个",1,70,70,"1年"]
[59,"左后门内开手柄",null,"个",1,50,50,"1年"]
[60,"左前大灯总成",null,"个",1,280,280,"1年"]
[61,"左前减震器",null,"个",2,240,480,"1年"]
[62,"左前轮ABS传感器",null,"个",2,90,180,"1年"]
[63,"左前轮刹车软管",null,"根",2,60,120,"1年"]
[64,"左前门玻璃升降器",null,"个",2,100,200,"1年"]
[65,"左前门玻璃升降器开关",null,"个",2,120,240,"1年"]
[66,"左前门内开手柄",null,"个",1,50,50,"1年"]
[67,"左前雾灯",null,"个",1,150,150,"1年"]
[68,"左前下支臂",null,"个",2,130,260,"1年"]
[69,"左外后视镜",null,"个",1,200,200,"1年"]
[70,"离合器片",null,"个",4,150,600,"6个月"]
[71,"压盘",null,"个",4,180,720,"6个月"]
[72,"油压分离轴承",null,"个",4,150,600,"6个月"]
[73,"空调鼓风机",null,"个",5,190,950,"1年"]
[74,"空调压缩机",null,"个",5,580,2900,"1年"]
[75,"飞轮",null,"个",2,680,1360,"6个月"]
[76,"水温传感器",null,"个",2,65,130,"1年"]
[77,"后外尾灯",null,"个",2,130,260,"1年"]
[78,"后内尾灯",null,"个",2,140,280,"1年"]
[79,"后保险杠雾灯",null,"个",2,60,120,"1年"]
[80,"轮眉",null,"个",4,100,400,"1年"]
["年预算预估合计金额：30325.00元"]

{"sheet":"GL8","index":5,"n_rows":94,"n_cols":8,"rows_kept":94,"merged":[[0,0,0,7],[1,0,1,7],[93,0,93,7]],"flags":["formulas_cached_only"]}
["别克GL8"]
["单车数量：10台                                                                                         车架号：LSGUL8AL3HA085538                                    "]
["序号","商品名称","规格","单位","预估年使用量","单价最高限价（元，含税）","合计预算金额（元，含税）","最低质保期"]
[1,"半轴油封",null,"个",1,35,35,"1年"]
[2,"变速箱油","1L","瓶",18,40,720,"1年"]
[3,"变速箱支架",null,"个",1,155,155,"1年"]
[4,"大灯安定器",null,"个",1,120,120,"1年"]
[5,"电子2032",null,"个",1,3,3,"1年"]
[6,"电子扇",null,"个",1,220,220,"1年"]
[7,"发电机皮带",null,"根",1,85,85,"1年"]
[8,"发电机总成",null,"个",1,1300,1300,"1年"]
[9,"发动机后支架",null,"个",1,160,160,"1年"]
[10,"发动机右支架",null,"个",1,230,230,"1年"]
[11,"方向机总成",null,"个",1,1200,1200,"1年"]
[12,"放油螺丝",null,"个",2,15,30,"1年"]
[13,"废气管",null,"根",1,50,50,"1年"]
[14,"副雨刮片",null,"个",1,20,20,"6个月"]
[15,"高压油泵",null,"个",1,500,500,"1年"]
[16,"鼓风机线束",null,"根",1,45,45,"1年"]
[17,"后备箱液压顶杆",null,"根",2,60,120,"1年"]
[18,"后刹车片",null,"套",1,110,110,"1年"]
[19,"后氧传感器",null,"个",1,280,280,"1年"]
[20,"后雨刮片",null,"个",1,25,25,"6个月"]
[21,"火花塞（铱金）",null,"个",12,55,660,"1年"]
[22,"机滤（铁）",null,"个",20,10,200,"1年"]
[23,"空气流量计",null,"个",1,270,270,"1年"]
[24,"空调压缩机",null,"台",1,1250,1250,"1年"]
[25,"轮胎螺母",null,"个",2,20,40,"1年"]
[26,"内球笼修理包",null,"套",1,60,60,"1年"]
[27,"欧司朗疝气灯","35W","个",1,185,185,"1年"]
[28,"喷水电机",null,"个",1,40,40,"1年"]
[29,"喷水软管",null,"个",2,48,96,"1年"]
[30,"起动机",null,"个",1,550,550,"1年"]
[31,"前保险杠支架",null,"个",1,90,90,"1年"]
[32,"前刹车盘",null,"个",2,230,460,"1年"]
[33,"前机盖液压顶杆",null,"根",2,50,100,"1年"]
[34,"前轮刹车片",null,"套",6,150,900,"1年"]
[35,"前轮轴承",null,"个",1,350,350,"1年"]
[36,"前氧传感器",null,"个",1,280,280,"1年"]
[37,"疝气灯灯泡",null,"个",1,185,185,"1年"]
[38,"水管三通接头",null,"个",1,40,40,"1年"]
[39,"水壶",null,"个",1,110,110,"1年"]
[40,"水箱总成",null,"个",1,450,450,"1年"]
[41,"凸轮轴传感器/GL8",null,"个",1,120,120,"1年"]
[42,"凸轮轴进气电磁阀",null,"个",1,260,260,"1年"]
[43,"凸轮轴排气电磁阀",null,"个",1,260,260,"1年"]
[44,"外球笼修理包",null,"套",1,60,60,"1年"]
[45,"雾灯亮条",null,"个",1,50,50,"1年"]
[46,"下支臂右",null,"个",2,400,800,"1年"]
[47,"下支臂左",null,"个",2,400,800,"1年"]
[48,"油浮子",null,"个",1,220,220,"1年"]
[49,"油箱拉线总成",null,"根",1,90,90,"1年"]
[50,"油箱内盖",null,"个",1,40,40,"1年"]
[51,"右后玻璃升降器",null,"个",1,320,320,"1年"]
[52,"右后弹簧垫",null,"个",2,35,70,"1年"]
[53,"右后吊杆球头",null,"个",1,70,70,"1年"]
[54,"右后减震器",null,"个",1,150,150,"1年"]
[55,"右后轮ABS传感器",null,"个",1,100,100,"1年"]
[56,"右后门玻璃升降器开关",null,"个",1,80,80,"1年"]
[57,"右后羊角",null,"个",1,350,350,"1年"]
[58,"右前玻璃升降器",null,"个",3,320,960,"1年"]
[59,"右前大灯总成",null,"个",1,2500,2500,"1年"]
[60,"右前轮ABS传感器",null,"个",1,100,100,"1年"]
[61,"右前门玻璃升降器开关",null,"个",1,80,80,"1年"]
[62,"右前羊角",null,"个",1,300,300,"1年"]
[63,"雨刮开关",null,"个",1,230,230,"1年"]
[64,"雨刮喷嘴",null,"个",2,15,30,"1年"]
[65,"元宝梁下托架",null,"个",1,150,150,"1年"]
[66,"真空助力器",null,"个",1,950,950,"1年"]
[67,"主雨刮片",null,"个",1,20,20,"1年"]
[68,"左后玻璃升降器",null,"个",1,320,320,"1年"]
[69,"左后弹簧垫",null,"个",2,35,70,"1年"]
[70,"左后吊杆球头",null,"个",1,70,70,"1年"]
[71,"左后减震器",null,"个",1,150,150,"1年"]
[72,"左后轮ABS传感器",null,"个",1,100,100,"1年"]
[73,"左后门玻璃升降器开关",null,"个",1,80,80,"1年"]
[74,"左后羊角",null,"个",1,350,350,"1年"]
[75,"左前玻璃升降器",null,"套",3,320,960,"1年"]
[76,"左前大灯总成",null,"个",1,2500,2500,"1年"]
[77,"左前轮ABS传感器",null,"个",1,100,100,"1年"]
[78,"左前门玻璃升降器开关",null,"个",1,200,200,"1年"]
[79,"左前羊角",null,"个",1,300,300,"1年"]
[80,"空气滤芯",null,"个",20,20,400,"1年"]
[81,"空调滤芯",null,"个",20,20,400,"1年"]
[82,"涡轮泄压电磁阀",null,"个",1,180,180,"1年"]
[83,"空调冷凝器",null,"个",2,355,710,"1年"]
[84,"皮带张紧器",null,"个",2,220,440,"1年"]
[85,"点火线圈",null,"个",2,180,360,"1年"]
[86,"后轮轴承",null,"个",2,290,580,"1年"]
[87,"膨胀壶盖",null,"个",2,40,80,"1年"]
[88,"暖风水箱",null,"个",1,160,160,"1年"]
[89,"前暖风水管",null,"根",2,60,120,"1年"]
[90,"后暖风水管",null,"根",2,60,120,"1年"]
["年预算预估合计金额：29634.00元"]

{"sheet":"丰田威驰","index":6,"n_rows":50,"n_cols":8,"rows_kept":50,"merged":[[0,0,0,7],[1,0,1,7],[49,0,49,7]],"flags":["formulas_cached_only"]}
["丰田威驰                                                                                                    "]
["单车数量：7台                                                                                            车架号码：LFMA7E2A3H0164662"]
["序号","商品名称","规格","单位","预估年使用量","单价最高限价（元，含税）","合计预算金额（元，含税）","最低质保期"]
[1,"半轴油封",null,"个",2,38,76,"1年"]
[2,"半轴总成右",null,"个",1,320,320,"1年"]
[3,"变速箱滤网套装",null,"个",1,80,80,"1年"]
[4,"变速箱油","1L","瓶",4,40,160,"1年"]
[5,"大灯总成",null,"个",1,350,350,"1年"]
[6,"点火线圈",null,"个",1,95,95,"1年"]
[7,"发电机皮带",null,"根",1,55,55,"1年"]
[8,"发电机总成",null,"个",1,540,540,"1年"]
[9,"电子扇",null,"个",3,340,1020,"6个月"]
[10,"后轮刹车片",null,"套",1,60,60,"1年"]
[11,"火花塞（铱金）",null,"个",4,40,160,"1年"]
[12,"机滤",null,"个",14,7,98,"1年"]
[13,"前减震器",null,"个",1,300,300,"1年"]
[14,"节温器",null,"个",1,150,150,"1年"]
[15,"空气滤芯",null,"个",14,8,112,"1年"]
[16,"空调低压管",null,"根",1,75,75,"1年"]
[17,"空调高压管",null,"根",1,95,95,"1年"]
[18,"空调管",null,"根",1,85,85,"1年"]
[19,"空调滤芯",null,"个",14,8,112,"1年"]
[20,"冷凝器",null,"个",1,255,255,"1年"]
[21,"暖风水管（出）",null,"根",1,35,35,"1年"]
[22,"暖风水管（进）",null,"根",1,35,35,"1年"]
[23,"平面轴承",null,"个",4,30,120,"1年"]
[24,"起动机总成",null,"个",1,485,485,"1年"]
[25,"汽油泵总成",null,"个",1,390,390,"1年"]
[26,"前保险杠",null,"个",1,215,215,"1年"]
[27,"前保险杠内杠铁",null,"个",1,145,145,"1年"]
[28,"前轮刹车片",null,"套",1,55,55,"1年"]
[29,"前轮轴承",null,"个",2,50,100,"1年"]
[30,"前轮轴头",null,"个",2,80,160,"1年"]
[31,"水泵总成",null,"个",1,110,110,"1年"]
[32,"水箱框架",null,"个",1,280,280,"1年"]
[33,"水箱总成",null,"套",1,230,230,"1年"]
[34,"后门玻璃升降器开关",null,"个",1,60,60,"1年"]
[35,"后门内开手柄",null,"个",1,55,55,"1年"]
[36,"后门外把手",null,"个",1,40,40,"1年"]
[37,"主驾驶玻璃升降器开关",null,"个",1,210,210,"1年"]
[38,"前门内开手柄",null,"个",1,55,55,"1年"]
[39,"前门外把手",null,"个",1,40,40,"1年"]
[40,"内球笼",null,"个",1,110,110,"1年"]
[41,"外球笼",null,"个",1,110,110,"1年"]
[42,"下支臂",null,"个",1,480,480,"1年"]
[43,"外后视镜",null,"个",1,290,290,"1年"]
[44,"胀紧器",null,"个",1,180,180,"1年"]
[45,"主雨刮片",null,"个",5,20,100,"6个月"]
[46,"水箱盖",null,"个",2,20,40,"6个月"]
["年预算预估合计金额：8328.00元"]

{"sheet":"江淮新IEV5","index":7,"n_rows":52,"n_cols":8,"rows_kept":52,"merged":[[0,0,0,7],[1,0,1,7],[51,0,51,7]],"flags":["formulas_cached_only"]}
["江淮新能源IEV5"]
["单车数量：10台                                                                                          车架号码：LJ1EFKRP3G4046226"]
["序号","商品名称","规格","单位","预估年使用量","单价最高限价（元，含税）","合计预算金额（元，含税）","最低质保期"]
[1,"保险丝","120A","个",1,90,90,"6个月"]
[2,"变速箱齿轮轴承",null,"个",1,85,85,"1年"]
[3,"玻璃水水壶",null,"个",1,65,65,"1年"]
[4,"刹车盘",null,"个",2,280,560,"1年"]
[5,"齿轮油（黄色）","1L","桶",2,45,90,"1年"]
[6,"电子扇",null,"个",1,450,450,"1年"]
[7,"方向机",null,"个",1,440,440,"1年"]
[8,"电子转向助力泵",null,"个",1,750,750,"1年"]
[9,"雨刮片",null,"个",1,20,20,"6个月"]
[10,"后轮刹车片",null,"套",1,120,120,"1年"]
[11,"继电器12V","12V","个",1,8,8,"1年"]
[12,"空调滤芯",null,"个",10,10,100,"1年"]
[13,"平面轴承",null,"个",4,75,300,"1年"]
[14,"前保险杠",null,"个",1,300,300,"1年"]
[15,"前轮刹车片",null,"套",4,105,420,"1年"]
[16,"前轮轴承",null,"个",4,95,380,"1年"]
[17,"水壶",null,"个",1,130,130,"1年"]
[18,"水壶盖",null,"个",1,50,50,"1年"]
[19,"水箱总成",null,"个",1,350,350,"1年"]
[20,"外球笼",null,"个",4,60,240,"1年"]
[21,"稳定杆拉杆",null,"个",4,90,360,"1年"]
[22,"右后减震器",null,"个",1,350,350,"1年"]
[23,"右后门玻璃升降器",null,"个",1,300,300,"1年"]
[24,"右后门内开手柄",null,"个",1,70,70,"1年"]
[25,"右后尾灯",null,"个",1,320,320,"1年"]
[26,"右前大灯总成",null,"个",1,1350,1350,"1年"]
[27,"右前减震器",null,"个",1,350,350,"1年"]
[28,"右前轮ABS传感器",null,"个",1,140,140,"1年"]
[29,"右前轮刹车软管",null,"个",1,60,60,"1年"]
[30,"右前门玻璃升降器",null,"个",1,300,300,"1年"]
[31,"右前门内开手柄",null,"个",1,70,70,"1年"]
[32,"右前雾灯",null,"个",1,320,320,"1年"]
[33,"右前下支臂",null,"个",1,190,190,"1年"]
[34,"右外后视镜",null,"个",1,430,430,"1年"]
[35,"左后减震器",null,"个",1,350,350,"1年"]
[36,"左后门玻璃升降器",null,"个",1,300,300,"1年"]
[37,"后门玻璃升降器开关",null,"个",1,80,80,"1年"]
[38,"左后门内开手柄",null,"个",1,70,70,"1年"]
[39,"左前大灯总成",null,"个",1,1350,1350,"1年"]
[40,"左前减震器",null,"个",1,350,350,"1年"]
[41,"左前轮ABS传感器",null,"个",1,140,140,"1年"]
[42,"左前轮刹车软管",null,"个",1,60,60,"1年"]
[43,"左前门玻璃升降器",null,"个",1,300,300,"1年"]
[44,"左前门玻璃升降器开关",null,"个",1,150,150,"1年"]
[45,"左前门内开手柄",null,"个",1,70,70,"1年"]
[46,"左前雾灯",null,"个",1,320,320,"1年"]
[47,"左前下支臂",null,"个",1,190,190,"1年"]
[48,"左外后视镜",null,"个",1,430,430,"1年"]
["年预算预估合计金额：13718.00元"]

{"sheet":"江淮皮卡","index":8,"n_rows":83,"n_cols":8,"rows_kept":83,"merged":[[0,0,0,7],[1,0,1,7],[82,0,82,7]],"flags":["formulas_cached_only"]}
["江淮皮卡JAC"]
["单车数量：5台                                                                                           车架号码：LJ11PAB50MC028430"]
["序号","商品名称","规格","单位","预估年使用量","单价最高限价（元，含税）","合计预算金额（元，含税）","最低质保期"]
[1,"ABS泵",null,"个",1,1300,1300,"1年"]
[2,"变速箱油","1L","桶",3,35,105,"1年"]
[3,"玻璃水水壶",null,"个",1,120,120,"1年"]
[4,"刹车分泵",null,"个",1,420,420,"1年"]
[5,"刹车盘",null,"个",1,240,240,"1年"]
[6,"刹车总泵",null,"个",1,550,550,"1年"]
[7,"点火线圈",null,"个",1,130,130,"1年"]
[8,"电子里程传感器",null,"个",1,120,120,"1年"]
[9,"电子扇",null,"个",1,730,730,"1年"]
[10,"发电机总成",null,"个",1,800,800,"1年"]
[11,"发动机右软垫",null,"个",1,190,190,"1年"]
[12,"方向机",null,"个",1,1150,1150,"1年"]
[13,"方向机进油管",null,"根",1,60,60,"1年"]
[14,"方向机出油管",null,"根",1,60,60,"1年"]
[15,"方向机拉杆右",null,"个",1,90,90,"1年"]
[16,"方向机拉杆左",null,"个",1,90,90,"1年"]
[17,"副雨刮片",null,"个",5,20,100,"6个月"]
[18,"后保险杠",null,"个",1,540,540,"1年"]
[19,"后轮刹车片",null,"套",1,170,170,"1年"]
[20,"火花塞（铱金）",null,"个",4,55,220,"1年"]
[21,"机油滤芯",null,"个",15,20,300,"1年"]
[22,"节温器",null,"个",1,70,70,"1年"]
[23,"空气滤芯",null,"个",15,30,450,"1年"]
[24,"空调滤芯",null,"个",15,25,375,"1年"]
[25,"空调压缩机皮带",null,"根",1,30,30,"1年"]
[26,"冷凝器",null,"个",1,340,340,"1年"]
[27,"暖风水箱出水管",null,"根",1,85,85,"1年"]
[28,"暖风水箱进水管",null,"根",1,85,85,"1年"]
[29,"平面轴承",null,"个",2,120,240,"1年"]
[30,"起动机总成",null,"个",1,750,750,"1年"]
[31,"汽油泵总成",null,"个",1,440,440,"1年"]
[32,"前保险杠",null,"个",1,300,300,"1年"]
[33,"前轮刹车片",null,"套",1,145,145,"1年"]
[34,"前轮轴承",null,"个",1,220,220,"1年"]
[35,"水壶",null,"个",1,95,95,"1年"]
[36,"水壶盖",null,"个",1,50,50,"1年"]
[37,"水箱总成",null,"个",1,420,420,"1年"]
[38,"碳罐",null,"个",1,200,200,"1年"]
[39,"碳罐电子阀",null,"个",1,80,80,"1年"]
[40,"稳定杆拉杆右",null,"个",1,100,100,"1年"]
[41,"稳定杆拉杆左",null,"个",1,100,100,"1年"]
[42,"五插继电器","12V","个",5,20,100,"6个月"]
[43,"右后减震器",null,"个",1,400,400,"1年"]
[44,"右后轮刹车软管",null,"根",1,70,70,"1年"]
[45,"右后门玻璃升降器",null,"个",1,230,230,"1年"]
[46,"右后门玻璃升降器开关",null,"个",1,85,85,"1年"]
[47,"右后门内开手柄",null,"个",1,50,50,"1年"]
[48,"右前大灯总成",null,"个",1,650,650,"1年"]
[49,"右前减震器",null,"个",1,380,380,"1年"]
[50,"右前轮ABS传感器",null,"个",1,85,85,"1年"]
[51,"右前轮刹车软管",null,"根",1,70,70,"1年"]
[52,"右前门玻璃升降器",null,"个",1,230,230,"1年"]
[53,"右前门玻璃升降器开关",null,"个",1,85,85,"1年"]
[54,"右前门内开手柄",null,"个",1,50,50,"1年"]
[55,"右前雾灯",null,"个",1,120,120,"1年"]
[56,"右前下支臂",null,"个",1,360,360,"1年"]
[57,"右外后视镜",null,"个",1,320,320,"1年"]
[58,"主雨刮片",null,"个",5,20,100,"6个月"]
[59,"助力泵皮带",null,"根",1,45,45,"1年"]
[60,"左后减震器",null,"个",1,380,380,"1年"]
[61,"左后轮刹车软管",null,"根",1,70,70,"1年"]
[62,"左后门玻璃升降器",null,"个",1,230,230,"1年"]
[63,"左后门玻璃升降器开关",null,"个",1,85,85,"1年"]
[64,"左后门内开手柄",null,"个",1,50,50,"1年"]
[65,"左前大灯总成",null,"个",1,650,650,"1年"]
[66,"左前减震器",null,"个",1,380,380,"1年"]
[67,"左前轮ABS传感器",null,"个",1,85,85,"1年"]
[68,"左前轮刹车软管",null,"根",1,70,70,"1年"]
[69,"左前门玻璃升降器",null,"个",1,230,230,"1年"]
[70,"左前门玻璃升降器开关",null,"个",1,180,180,"1年"]
[71,"左前门内开手柄",null,"个",1,50,50,"1年"]
[72,"左前雾灯",null,"个",1,120,120,"1年"]
[73,"左前下支臂",null,"个",1,360,360,"1年"]
[74,"左外后视镜",null,"个",1,320,320,"1年"]
[75,"内开手柄拉线",null,"个",2,45,90,"1年"]
[76,"离合器片",null,"个",2,150,300,"6个月"]
[77,"分离轴承",null,"个",2,80,160,"6个月"]
[78,"压盘",null,"个",2,150,300,"6个月"]
[79,"后尾门锁块",null,"个",2,60,120,"1年"]
["年预算预估合计金额：19720.00元"]

{"sheet":"大众捷达","index":9,"n_rows":103,"n_cols":8,"rows_kept":103,"merged":[[0,0,0,7],[1,0,1,7],[102,0,102,7]],"flags":["formulas_cached_only"]}
["一汽大众捷达                                                                                                "]
["单车数量：15台                                                                                           车架号：LFV2A2BS5H4518747                                        "]
["序号","商品名称","规格","单位","预估年使用量","单价最高限价（元，含税）","合计预算金额（元，含税）","最低质保期"]
[1,"安全带总成",null,"套",3,200,600,"1年"]
[2,"半轴油封",null,"个",5,30,150,"1年"]
[3,"半轴总成（右）",null,"个",1,480,480,"1年"]
[4,"半轴总成（左）",null,"个",1,450,450,"1年"]
[5,"大灯组合开关",null,"个",1,150,150,"1年"]
[6,"点火锁",null,"个",1,95,95,"1年"]
[7,"点火线圈",null,"个",2,80,160,"1年"]
[8,"电子节气门总成",null,"个",1,800,800,"1年"]
[9,"电子扇",null,"个",5,350,1750,"1年"]
[10,"惰轮",null,"个",1,200,200,"1年"]
[11,"发电机皮带",null,"根",5,50,250,"1年"]
[12,"发电机总成",null,"个",5,480,2400,"1年"]
[13,"发动机前仓线束",null,"根",1,510,510,"1年"]
[14,"方向机拉杆球头",null,"个",2,35,70,"1年"]
[15,"方向机总成",null,"个",5,1500,800,"1年"]
[16,"飞轮总成",null,"个",5,400,2000,"1年"]
[17,"后保险杠",null,"个",1,350,350,"1年"]
[18,"后轮刹车片",null,"套",1,70,70,"1年"]
[19,"换挡拉线",null,"套",5,60,300,"1年"]
[20,"机油滤芯",null,"个",40,8,320,"1年"]
[21,"节温器",null,"个",1,220,220,"1年"]
[22,"空气滤芯",null,"个",40,10,400,"1年"]
[23,"空调控制面板",null,"个",1,200,200,"1年"]
[24,"空调滤芯",null,"个",40,10,400,"1年"]
[25,"空调鼓风机",null,"个",2,220,440,"1年"]
[26,"空调压缩机",null,"个",5,780,3900,"1年"]
[27,"空调压缩机低压管",null,"根",2,120,240,"1年"]
[28,"空调压缩机高压管",null,"根",2,115,230,"1年"]
[29,"冷凝器",null,"个",5,240,1200,"1年"]
[30,"离合器分泵",null,"个",1,60,60,"1年"]
[31,"离合器总泵",null,"个",1,95,95,"1年"]
[32,"内后视镜总成",null,"个",1,60,60,"1年"]
[33,"内球笼",null,"个",1,210,210,"1年"]
[34,"暖风水管（出）",null,"根",2,85,170,"1年"]
[35,"暖风水管（进）",null,"根",2,80,160,"1年"]
[36,"暖风水箱",null,"个",1,180,180,"1年"]
[37,"膨胀阀",null,"个",1,120,120,"1年"]
[38,"膨胀壶",null,"个",10,65,650,"1年"]
[39,"膨胀壶盖",null,"个",10,20,200,"1年"]
[40,"起动机总成",null,"个",5,400,2000,"1年"]
[41,"气囊游丝",null,"个",2,85,170,"1年"]
[42,"汽油泵总成",null,"个",2,300,600,"1年"]
[43,"汽油滤芯",null,"个",2,35,70,"1年"]
[44,"前保险杠",null,"个",1,220,220,"1年"]
[45,"前保险杠支架",null,"个",1,55,55,"1年"]
[46,"前保险杠中网",null,"个",1,160,160,"1年"]
[47,"前刹车盘",null,"个",2,150,300,"1年"]
[48,"前刹车片",null,"套",3,95,285,"1年"]
[49,"前档玻璃",null,"块",1,400,400,"1年"]
[50,"前轮毂轴头",null,"个",5,130,650,"1年"]
[51,"前轮轴承",null,"个",5,130,650,"1年"]
[52,"手刹拉线",null,"根",2,50,100,"1年"]
[53,"水泵总成",null,"个",1,210,210,"1年"]
[54,"水温传感器",null,"个",2,40,80,"1年"]
[55,"水箱总成",null,"个",5,240,1200,"1年"]
[56,"下水管",null,"个",2,60,120,"1年"]
[57,"下支臂",null,"个",5,120,600,"1年"]
[58,"下支臂球头",null,"个",2,45,90,"1年"]
[59,"油底壳",null,"个",1,280,280,"1年"]
[60,"油门踏板",null,"个",1,180,180,"1年"]
[61,"后减震器总成",null,"个",1,190,190,"1年"]
[62,"后门玻璃升降器",null,"个",2,95,190,"6个月"]
[63,"后门玻璃升降器开关",null,"个",2,35,70,"1年"]
[64,"后门锁块",null,"个",2,150,300,"1年"]
[65,"后门外把手",null,"个",2,40,80,"1年"]
[66,"前大灯总成",null,"个",1,550,550,"1年"]
[67,"前减震器总成",null,"个",1,280,280,"1年"]
[68,"前轮刹车软管",null,"根",2,60,120,"1年"]
[69,"前门玻璃",null,"块",1,120,120,"1年"]
[70,"前门玻璃升降器",null,"个",2,95,190,"6个月"]
[71,"主驾驶玻璃升降器开关",null,"个",2,90,180,"1年"]
[72,"前门锁块",null,"个",2,200,400,"1年"]
[73,"前门外把手",null,"个",2,55,110,"1年"]
[74,"外后视镜总成",null,"个",1,240,240,"1年"]
[75,"外球笼",null,"个",2,160,320,"1年"]
[76,"前稳定杆拉杆",null,"个",2,40,80,"1年"]
[77,"前雾灯",null,"个",1,110,110,"1年"]
[78,"右悬置软垫",null,"个",1,140,140,"1年"]
[79,"雨刮臂",null,"个",1,50,50,"1年"]
[80,"雨刮电机",null,"个",1,190,190,"1年"]
[81,"雨刮连杆",null,"个",1,130,130,"1年"]
[82,"雨刮组合开关",null,"个",1,200,200,"1年"]
[83,"皮带张紧器",null,"个",2,180,360,"1年"]
[84,"主驾驶座椅",null,"个",1,600,600,"1年"]
[85,"雨刮片",null,"支",20,20,400,"6个月"]
[86,"电子转向助力泵",null,"个",2,340,680,"1年"]
[87,"前门内把手拉线",null,"根",1,35,35,"1年"]
[88,"前门内开手柄",null,"个",5,40,200,"1年"]
[89,"火花塞（铂金）",null,"个",60,50,3000,"1年"]
[90,"左悬软垫",null,"个",5,130,650,"1年"]
[91,"发动机后软垫",null,"个",2,140,280,"1年"]
[92,"油底壳螺栓",null,"个",5,20,100,"1年"]
[93,"离合器片",null,"个",5,150,750,"3个月"]
[94,"分离轴承",null,"个",5,60,300,"3个月"]
[95,"压盘",null,"个",5,120,600,"3个月"]
[96,"碳罐电子阀",null,"个",1,90,90,"1年"]
[97,"水温传感器",null,"个",2,40,80,"1年"]
[98,"进气凸轮轴电磁阀",null,"个",1,130,130,"1年"]
[99,"排气凸轮轴电磁阀",null,"个",1,130,130,"1年"]
["年预算预估合计金额：42085.00元"]

{"sheet":"艾瑞泽5","index":10,"n_rows":100,"n_cols":8,"rows_kept":100,"merged":[[0,0,0,7],[1,0,1,7],[99,0,99,7]],"flags":["formulas_cached_only"]}
["艾瑞泽5"]
["单车台数：35台                                                                                         车架号码：LVVDC11B7SD875897"]
["序号","商品名称","规格","单位","预估年使用量","单价最高限价（元，含税）","合计预算金额（元，含税）","最低质保期"]
[1,"安全带总成",null,"套",3,180,540,"1年"]
[2,"半轴油封",null,"个",5,35,175,"3个月"]
[3,"半轴总成（右）",null,"个",1,660,660,"1年"]
[4,"半轴总成（左）",null,"个",1,660,660,"1年"]
[5,"大灯组合开关",null,"个",1,150,150,"1年"]
[6,"点火锁",null,"个",1,60,60,"1年"]
[7,"点火线圈",null,"个",2,115,230,"1年"]
[8,"电子节气门总成",null,"个",1,400,400,"1年"]
[9,"电子扇",null,"个",15,290,4350,"1年"]
[10,"惰轮",null,"个",1,80,80,"1年"]
[11,"发电机皮带",null,"根",5,60,300,"1年"]
[12,"发电机总成",null,"个",8,550,4400,"1年"]
[13,"发动机前仓线束",null,"根",1,1100,1100,"1年"]
[14,"方向机拉杆球头",null,"个",2,50,100,"1年"]
[15,"方向机总成",null,"个",10,1300,13000,"1年"]
[16,"飞轮总成",null,"个",5,420,2100,"1年"]
[17,"后保险杠",null,"个",1,200,200,"1年"]
[18,"后轮刹车片",null,"套",1,90,90,"1年"]
[19,"换挡拉线",null,"套",5,190,950,"1年"]
[20,"机油滤芯",null,"个",100,10,1000,"1年"]
[21,"节温器",null,"个",1,260,260,"1年"]
[22,"空气滤芯",null,"个",100,12,1200,"1年"]
[23,"空调控制面板",null,"个",1,850,850,"1年"]
[24,"空调滤芯",null,"个",100,10,1000,"1年"]
[25,"空调鼓风机",null,"个",2,160,320,"1年"]
[26,"空调压缩机",null,"个",5,710,3550,"1年"]
[27,"空调压缩机低压管",null,"根",2,700,1400,"1年"]
[28,"空调压缩机高压管",null,"根",2,120,240,"1年"]
[29,"冷凝器",null,"个",5,350,1750,"1年"]
[30,"离合器分泵",null,"个",1,150,150,"3个月"]
[31,"离合器总泵",null,"个",1,130,130,"1年"]
[32,"内后视镜总成",null,"个",1,95,95,"1年"]
[33,"内球笼",null,"个",1,280,280,"1年"]
[34,"暖风水管（出）",null,"根",2,35,70,"1年"]
[35,"暖风水管（进）",null,"根",2,35,70,"1年"]
[36,"暖风水箱",null,"个",1,180,180,"1年"]
[37,"膨胀阀",null,"个",1,110,110,"1年"]
[38,"膨胀壶",null,"个",10,60,600,"1年"]
[39,"膨胀壶盖",null,"个",10,30,300,"1年"]
[40,"起动机总成",null,"个",10,700,7000,"1年"]
[41,"气囊游丝",null,"个",10,120,1200,"1年"]
[42,"汽油泵总成",null,"个",2,350,700,"1年"]
[43,"汽油滤芯",null,"个",2,13,26,"1年"]
[44,"前保险杠",null,"个",1,260,260,"1年"]
[45,"前保险杠支架",null,"个",1,120,120,"1年"]
[46,"前保险杠中网",null,"个",1,150,150,"1年"]
[47,"前刹车盘",null,"个",2,130,260,"1年"]
[48,"前刹车片",null,"套",3,90,270,"1年"]
[49,"前档玻璃",null,"块",1,700,700,"1年"]
[50,"前轮毂轴头",null,"个",10,95,950,"1年"]
[51,"前轮轴承",null,"个",10,105,1050,"1年"]
[52,"手刹拉线",null,"根",2,70,140,"1年"]
[53,"水泵总成",null,"个",1,850,850,"1年"]
[54,"水温传感器",null,"个",2,55,110,"1年"]
[55,"水箱总成",null,"个",10,320,3200,"1年"]
[56,"下水管",null,"个",2,95,190,"1年"]
[57,"下支臂",null,"个",20,185,3700,"1年"]
[58,"下支臂球头",null,"个",2,50,100,"1年"]
[59,"油底壳",null,"个",1,320,320,"1年"]
[60,"油门踏板",null,"个",1,240,240,"1年"]
[61,"后减震器总成",null,"个",1,300,300,"1年"]
[62,"后门玻璃升降器",null,"个",5,180,900,"1年"]
[63,"后门玻璃升降器开关",null,"个",2,50,100,"1年"]
[64,"后门锁块",null,"个",2,140,280,"1年"]
[65,"后门外把手",null,"个",2,50,100,"1年"]
[66,"前大灯总成",null,"个",1,750,750,"1年"]
[67,"前减震器总成",null,"个",1,450,450,"1年"]
[68,"前轮刹车软管",null,"根",2,50,100,"1年"]
[69,"前门玻璃",null,"块",1,400,400,"1年"]
[70,"前门玻璃升降器",null,"个",2,180,360,"1年"]
[71,"主驾驶玻璃升降器开关",null,"个",2,180,360,"1年"]
[72,"前门锁块",null,"个",2,140,280,"1年"]
[73,"前门外把手",null,"个",5,50,250,"1年"]
[74,"外后视镜总成",null,"个",1,220,220,"1年"]
[75,"外球笼",null,"个",2,240,480,"1年"]
[76,"前稳定杆拉杆",null,"个",2,60,120,"1年"]
[77,"前雾灯",null,"个",1,100,100,"1年"]
[78,"右悬置软垫",null,"个",1,240,240,"1年"]
[79,"雨刮臂",null,"个",1,100,100,"1年"]
[80,"雨刮电机",null,"个",1,190,190,"1年"]
[81,"雨刮连杆",null,"个",1,90,90,"1年"]
[82,"雨刮组合开关",null,"个",1,120,120,"1年"]
[83,"皮带张紧器",null,"个",2,200,400,"1年"]
[84,"主驾驶座椅",null,"个",1,1900,1900,"1年"]
[85,"雨刮片",null,"支",20,20,400,"6个月"]
[86,"电子转向助力泵",null,"个",2,720,1440,"1年"]
[87,"前门内把手拉线",null,"根",1,30,30,"1年"]
[88,"前门内开手柄",null,"个",20,70,1400,"1年"]
[89,"火花塞（铂金）",null,"个",60,40,2400,"6个月"]
[90,"左悬软垫",null,"个",10,240,2400,"1年"]
[91,"发动机后软垫",null,"个",2,100,200,"1年"]
[92,"油底壳螺栓",null,"个",5,20,100,"1年"]
[93,"离合器片",null,"个",10,240,2400,"3个月"]
[94,"分离轴承",null,"个",10,150,1500,"3个月"]
[95,"压盘",null,"个",10,200,2000,"3个月"]
[96,"碳罐电子阀",null,"个",1,120,120,"1年"]
["年预算预估合计金额：87616.00元"]

{"sheet":"总计","index":11,"n_rows":25,"n_cols":4,"rows_kept":25,"merged":[[0,0,0,3],[24,0,24,1]],"flags":["formulas_cached_only"]}
["配件采购预估金额统计表"]
["序号","车型","报价件数","年预算预估金额（元）"]
[1,"奇瑞E3",168,72303]
[2,"丰田威驰",46,8328]
[3,"别克GL8",90,29634]
[4,"传奇M8",11,1723]
[5,"上汽大众途观L",10,1370]
[6,"丰田卡罗拉",12,1237]
[7,"观致5",15,1276]
[8,"江淮皮卡JAC",79,19720]
[9,"江淮系能源IEV5",48,13718]
[10,"艾瑞泽5",96,87616]
[11,"帕萨特",78,27404]
[12,"瑞虎5",13,1411]
[13,"瑞虎7",10,1163]
[14,"五菱宏光S3",80,30325]
[15,"现代悦纳",11,790]
[16,"大众捷达",99,42085]
[17,"哪吒V",9,764]
[18,"枫叶80V",10,1263]
[19,"枫叶60S",9,1634]
[20,"哪吒U",9,1560]
[21,"比亚迪元",10,1262]
[22,"通用配件",59,162734]
["合计",null,972,509320]